Facing illness in troubled times health in Europe in the interwar years 1918-1939

Podrobná bibliografia
Ďalší autori: Borowy, Iris (Editor), Gruner, Wolf D. (Editor)
Médium: Kniha
Jazyk:nemčina
angličtina
Fyzický popis:xiv, 424 s. grafy, mp., tab. 21 cm
Vydavateľské údaje: Frankfurt am Main Peter Lang 2005
ISBN:3631519486 (brož.)
Predmet:

MARC

LEADER 00000nam a2200000 a 4500
001 vtls008300104
003 SK-MaSNL
005 20260302074152.0
008 160610t2005 gw ab b 100 0 ger
015 |a SNBZSA2006-00122 
020 |a 3631519486 (brož.) 
035 |a 28BC2063-FED9-444B-B41F-AE05F649E2CB 
035 |a urn:nbn:sk:snk-amlfrp 
035 |a urn:nbn:sk:snk-am00945z 
040 |a SNK  |b slo  |c SNK  |e AACR2 
041 0 |a eng 
043 |a e------ 
044 |a gw  |c DE 
072 7 |a 614  |x Verejné zdravie a hygiena  |2 konspekt 
072 7 |a 364  |x Sociálne problémy vyžadujúce podporu a pomoc. Sociálne zabezpečenie  |2 konspekt 
080 |a 614  |x (4)  |x "1918/1939"  |2 2001 
080 |a 364  |x (091)  |2 2001 
245 0 0 |a Facing illness in troubled times  |b health in Europe in the interwar years 1918-1939  |c Iris Borowy, Wolf D. Gruner (eds.) 
260 |a Frankfurt am Main  |b Peter Lang  |c 2005 
300 |a xiv, 424 s.  |b grafy, mp., tab.  |c 21 cm 
648 7 |a 1918-1939  |2 SNKPH  |9 283412 
650 0 7 |a verejné zdravotníctvo  |2 SNKPH  |9 1270 
650 0 7 |a obyvateľstvo  |2 SNKPH  |9 4654 
650 0 7 |a zdravie  |2 SNKPH  |9 16322 
650 0 7 |a sociálne zabezpečenie  |2 SNKPH  |9 3720 
651 7 |a Európa  |2 SNKPH  |9 167569 
655 7 |a zborníky  |2 SNKPH  |9 70165 
700 1 |a Borowy, Iris  |4 edt  |9 739475 
700 1 |a Gruner, Wolf D.  |4 edt  |9 739476 
919 |a 3-631-51948-6 
958 |a OND 
958 |a ZS 
958 |a ME 
958 |a NB 
999 |c 1163970  |d 1165900 
952 |a SNK  |b SNK  |y PREZ  |7 0  |p 17A0489153  |o snkSC 121873  |i snk2005/19590  |8 2  |g 81.99  |0 0  |1 0  |4 0  |d 2005-09-29  |f 1  |l 0  |r 2025-06-02 00:00:00  |w 2026-02-24